| 000 | 01137nam a2200289Ia 4500 | ||
|---|---|---|---|
| 001 | ebr10734906 | ||
| 003 | CaPaEBR | ||
| 006 | m o u | ||
| 007 | cr cn||||||||| | ||
| 008 | 130728s2013 sz a sb 000 0 eng d | ||
| 020 | _z9789221274834 | ||
| 020 | _z9789221274841 (ebook) | ||
| 040 |
_aCaPaEBR _cCaPaEBR |
||
| 035 | _a(OCoLC)857080480 | ||
| 050 | 1 | 4 |
_aHD6270 _b.G56 2103eb |
| 245 | 0 | 0 |
_aGlobal employment trends for youth _h[electronic resource] . _p2013 : _ba generation at risk. |
| 260 |
_aGeneva : _bInternational Labour Office, _c2013. |
||
| 300 |
_aix, 111 p. : _bill. |
||
| 504 | _aIncludes bibliographical references. | ||
| 533 |
_aElectronic reproduction. _bPalo Alto, Calif. : _cebrary, _d2013. _nAvailable via World Wide Web. _nAccess may be limited to ebrary affiliated libraries. |
||
| 650 | 0 |
_aYouth _xEmployment _xForecasting. |
|
| 650 | 0 |
_aYouth _xEmployment. |
|
| 655 | 7 |
_aElectronic books. _2local |
|
| 710 | 2 | _aInternational Labour Office. | |
| 710 | 2 | _aebrary, Inc. | |
| 856 | 4 | 0 |
_uhttp://site.ebrary.com/lib/rucke/Doc?id=10734906 _zAn electronic book accessible through the World Wide Web; click to view |
| 999 |
_c36932 _d36932 |
||